| 000 | 00628cam a22001814a 4500 | ||
|---|---|---|---|
| 999 |
_c5068 _d5068 |
||
| 020 | _a0805376933 | ||
| 050 | 0 | 0 |
_aQR41.2 _b.B383 |
| 100 | 1 | _aBauman, Robert W. | |
| 245 | 1 | 0 |
_aMicrobiology / _cRobert W. Bauman ; contributions by Elizabeth Machunis-Masuoka, Ian Tizard. |
| 250 | _aAlternate ed. with diseases by body system. | ||
| 260 |
_aSan Francisco, Ca.: _bBenjamin Cummings, _cc2006. |
||
| 300 |
_axxviii, 770, [87] p. : _bill. (chiefly col.) ; _c28 cm. + _e1 CD-ROM (4 3/4 in.) |
||
| 500 | _aIncludes index. | ||
| 650 | 0 | _aMicrobiology. | |
| 700 | 1 | _aMachunis-Masuoka, Elizabeth. | |
| 700 | 1 | _aTizard, Ian R. | |
| 942 | _cBK | ||